[Event "Dortmund Sparkassen op-C 47th"]
[Site "Dortmund"]
[Date "2019.07.19"]
[Round "7"]
[White "Kronz, Alessandro"]
[Black "Nathe, Nico"]
[Result "0-1"]
[WhiteElo "1138"]
[BlackElo "1367"]
[PlyCount "60"]
[EventDate "2019.07.13"]
[EventType "swiss"]
[EventRounds "9"]
[EventCountry "GER"]
[SourceTitle "CBM 192 Extra"]
[Source "Chessbase"]
[SourceDate "2019.11.06"]
[SourceVersion "1"]
[SourceVersionDate "2019.11.06"]
[SourceQuality "1"]

1. e4 c5 2. Nc3 d6 3. f4 Nc6 4. Bc4 g6 5. Nf3 Bg7 6. 0-0 Nf6 7. d3 0-0 8. Qe1 Nd7 9. f5 Nde5 10. Nxe5 Nxe5 11. fxg6 hxg6 12. Bb3 Be6 13. Bxe6 fxe6 14. Rxf8+ Qxf8 15. Qg3 Qf7 16. Be3 Rf8 17. Qf2 Ng4 18. Qxf7+ Rxf7 19. Re1 Nxe3 20. Rxe3 Bd4 21. Nd1 b5 22. c3 Bxe3+ 23. Nxe3 e5 24. g3 Rf3 25. Nd5 Kf7 26. Nc7 b4 27. cxb4 cxb4 28. Nd5 a5 29. d4 exd4 30. Kg2 Rd3 0-1

[Event "Dortmund Sparkassen op-C 47th"]
[Site "Dortmund"]
[Date "2019.07.13"]
[Round "1"]
[White "Kronz, Alessandro"]
[Black "Stoltmann, Till Roman"]
[Result "1/2-1/2"]
[WhiteElo "1138"]
[BlackElo "1434"]
[PlyCount "115"]
[EventDate "2019.07.13"]
[EventType "swiss"]
[EventRounds "9"]
[EventCountry "GER"]
[SourceTitle "CBM 192 Extra"]
[Source "Chessbase"]
[SourceDate "2019.11.06"]
[SourceVersion "1"]
[SourceVersionDate "2019.11.06"]
[SourceQuality "1"]

1. e4 e6 2. d4 d5 3. exd5 exd5 4. Bd3 Nf6 5. Nf3 Bd6 6. 0-0 0-0 7. Bg5 c6 8. Re1 Bg4 9. h3 Bh5 10. c3 Nbd7 11. Nbd2 Qc7 12. Qc2 h6 13. Bxf6 Nxf6 14. g4 Bxg4 15. hxg4 Nxg4 16. Bf5 Nh2 17. Kg2 Rae8 18. Nxh2 Bxh2 19. Nf3 Bf4 20. Re2 Qd6 21. Rae1 Rxe2 22. Rxe2 Qf6 23. Bd3 g5 24. Ne5 g4 25. Re1 Qg5 26. Rh1 g3 27. Nf3 Qg7 28. Rg1 Kh8 29. Qe2 Rg8 30. fxg3 Qxg3+ 31. Kf1 Qh3+ 32. Ke1 Rxg1+ 33. Nxg1 Qg3+ 34. Qf2 Qxd3 35. Qxf4 Qb1+ 36. Kf2 Qxb2+ 37. Ne2 Kg7 38. Ke3 Qc2 39. Qe5+ Kh7 40. Qe7 Qe4+ 41. Qxe4+ dxe4 42. Kxe4 f6 43. Kf5 Kg7 44. Nf4 Kf7 45. c4 b6 46. d5 cxd5 47. Nxd5 h5 48. Nxf6 h4 49. Ng4 Ke7 50. Ke5 Kd7 51. Kd5 Kc7 52. a3 a5 53. a4 h3 54. Kd4 Kd6 55. Kd3 Kc5 56. Kc3 Kd6 57. Kd4 Ke6 58. Ke4 1/2-1/2